Statistics for 5sos

Click here to take the quiz!

General Stats

  • This quiz has been taken 1,121 times
  • The average score is 5 of 6

Answer Stats

HintAnswer% Correct
who is a penguin?luke
94%
what is ashtons middle name?fletcher
92%
what does michael want another slice of?pizza
92%
what is the name of their first official single?she looks so perfect
78%
what is the name of their record label?hi or hey
76%
what is lukes moms name?liz hemmings
67%

Score Distribution

Percentile by Number Answered

Percent of People with Each Score

Your Score History

You have not taken this quiz